000 01454cad a22002175a 4500
001 E148223
008 090820s2009 xxk f 000 0 eng d
035 _a(Sirsi) u148223
041 0 _aeng
110 2 _aScotland
_bScottish Housing Regulator
_95731
245 0 0 _aSocial landlords in Scotland
_bshaping up for improvement
_h[electronic resource]
260 _aGlasgow
_bScottish Housing Regulator
_c2009
300 _aSummary -- Introduction -- Context -- A snapshot of performance -- Landlord services -- Stock quality and management -- RSL finances -- RSL governance -- Other clients and service users: homeless households; owners; gypsies/travellers -- Emerging themes for the future -- Appendix 1: grading illustrations
520 _aSets out the results of regulation and inspection work carried out by the Scottish Housing Regulator over the last five years, and makes recommendations for improvements. Finds that 53% of the housing services inspected were good or excellent, however just under half, equivalent to 320 000 households, were only adequate or poor.
521 _aAdvanced
590 _aKA
651 4 _aScotland
_y1999-
690 _aPROPERTY-RESIDENTIAL PROPERTY-DOMESTIC RESIDENTIAL PROPERTY-HOUSING
856 4 0 _uhttps://www.scottishhousingregulator.gov.uk/stellent/groups/public/documents/webpages/SHR_SOCIALLANDLORDSINSCOTLAND_.hcsp
_zView the report free of charge at www.scottishhousingregulator.gov.uk...
942 _n0
999 _c109961
_d109961